000
00259nam a22000977a 4500
999
_c
516886
_d
516886
082
_a
TNC I29 R473
100
_a
Ringer, Robert J.
_9
23719
245
_a
Winning through intimidation
_c
By Robert J. Ringer
260
_a
New York
_b
Los Angeles
_c
1973
300
_a
236p.